Such bad company: the story of Glasgow criminality

Guardado en:  
Detalles Bibliográficos
Autores principales: Forbes, George 1948- (Autor) ; Meehan, Paddy (Autor)
Tipo de documento: Print Libro
Lenguaje:Inglés
Publicado: Edinburgh P. Harris Pub. 1982
En:Año: 1982
Disponibilidad en Tübingen:Disponible en Tübingen.
UB: KB 15 A 425
Verificar disponibilidad: HBZ Gateway
Servicio de pedido Subito: Pedir ahora.

MARC

LEADER 00000cam a22000002c 4500
001 1091429804
003 DE-627
005 20251224220401.0
007 tu
008 900827s1982 xx ||||| 00| ||eng c
035 |a (DE-627)1091429804 
035 |a (DE-576)021429804 
035 |a (DE-599)BSZ021429804 
035 |a (OCoLC)09830912 
040 |a DE-627  |b ger  |c DE-627  |e rakwb 
041 |a eng 
082 0 |a 364/.941443 
100 1 |a Forbes, George  |d 1948-  |0 (DE-588)128521538  |0 (DE-627)707009154  |0 (DE-576)166867713  |4 aut 
109 |a Forbes, George 1948- 
245 1 0 |a Such bad company  |b the story of Glasgow criminality  |c George Forbes and Paddy Meehan 
264 1 |a Edinburgh  |b P. Harris Pub.  |c 1982 
300 |a 274 S., 12 p. of plates  |b ill. 
336 |a Text  |b txt  |2 rdacontent 
337 |a ohne Hilfsmittel zu benutzen  |b n  |2 rdamedia 
338 |a Band  |b nc  |2 rdacarrier 
583 1 |a Archivierung prüfen  |c 20200919  |f DE-640  |z 2  |2 pdager 
700 1 |a Meehan, Paddy  |4 aut 
951 |a BO 
ELC |b 1 
LOK |0 000 xxxxxcx a22 zn 4500 
LOK |0 001 2149920727 
LOK |0 003 DE-627 
LOK |0 004 1091429804 
LOK |0 005 19900827000000 
LOK |0 008 900827||||||||||||||||ger||||||| 
LOK |0 040   |a DE-21  |c DE-627  |d DE-21 
LOK |0 852   |a DE-21 
LOK |0 852 1  |c KB 15 A 425  |9 00 
LOK |0 935   |a krim 
LOK |0 936ln  |a k1 
LOK |0 939   |a 27-08-90  |b l01 
ORI |a SA-MARC-krimdoka001.raw 
SIG |a UB: KB 15 A 425